| 000 | 01216pam a2200349 i 4500 | ||
|---|---|---|---|
| 001 | vtls000732489 | ||
| 003 | PNM | ||
| 005 | 20200603160240.0 | ||
| 008 | 140205s2014 my bo e 000 0 may | ||
| 015 | _aM14-07253 | ||
| 020 |
_a9789831249413 _cRM19.90 _cRM10.00 (Harga Denda Bahan Hadiah) _qpaperback |
||
| 039 | 9 |
_a201408181142 _birfah _c201407161115 _damin _c201406191104 _dn_shuhada _c201402071157 _dnorhidayah |
|
| 040 |
_aBNM _beng _cBNM _erda _dPPAK |
||
| 049 | _amal | ||
| 082 | 0 | 4 |
_a910.4 _223 |
| 090 | 0 | 0 |
_a910.4 _bFAH _dG |
| 100 | 0 |
_aFahmi Faiz, _d1985-, _eauthor. |
|
| 245 | 1 | 0 |
_aDI HUJUNG MUNCUNG MESINGAN : _bSEBUAH Travelog / _cFAHMI FAIZ ; Editor Syamel Yusoff |
| 264 | 1 |
_aShah Alam, Selangor : _bGRUP BUKU KARANGKRAF SDN. BHD., _c2014 |
|
| 300 |
_a399 pages : _bmaps, photographs ; _c22 cm |
||
| 336 |
_atext _2rdacontent |
||
| 337 |
_aunmediated _2rdamedia |
||
| 338 |
_avolume _2rdacarrier |
||
| 504 | _aBibliography: pages 396-399. | ||
| 600 | 0 | 0 |
_aFahmi Faiz _vAnecdotes |
| 650 | 1 | 0 | _aTravelers' writings, Malaysian |
| 651 | 0 |
_aMindanao Island (Philippines) _xDescription and travel |
|
| 700 | 0 |
_aSyamel Yusoff, _eeditor. |
|
| 942 |
_2ddc _cB |
||
| 949 | _62000234573 | ||
| 949 | _62000235194 | ||
| 999 |
_c177419 _d177419 |
||